000 00710nam a2200289Ia 4500
005 20260324133804.0
008 008 260324s9999 xx 000 0 eng d
020 _a9781315081144
037 _aEBOOK
040 _aCRL
040 _beng
040 _cCRL
041 _2eng
041 _aeng
084 _qCRL
100 _aDick Houtman
_91194401
245 0 _aClass and Politics in Contemporary Social Science
245 0 _bMarxism Lite and Its Blind Spot for Culture
260 _bTaylor and Francis
260 _c2003
365 _a
365 _b170
856 _uhttp://www.taylorfrancis.com/books/9781315081144
942 _cEBOOK
999 _c1793812
_d1793812